000 00510nmm a2200169Ia 4500
008 251105s9999||||xx |||||||||||||||||und||
020 _a9788415759720
041 _aspa
100 _aAlkorta Andonegi, Xabier
245 0 _aCrisis y nueva dirección bancaria
264 _a[Madrid, España] :
_bUniversidad de Deusto,
_c2015
300 _a326 páginas
490 _aAmarillo - Serie Economía
650 _aEconomics and Business
856 _uhttps://public.digitaliapublishing.com/a/45127
942 _cCF
999 _c77036
_d77036